[Event "Marmaris PHYSKOS GM 2018"]
[Site "Icmeler"]
[Date "2018.11.16"]
[Round "1.1"]
[White "Annaberdiev, Meilis"]
[Black "Yilmaz, Mustafa"]
[Result "1/2-1/2"]
[WhiteElo "2509"]
[BlackElo "2637"]
[Annotator "TA"]
[PlyCount "68"]
[EventDate "2018.11.16"]
[EventType "schev"]
[EventCountry "TUR"]
[SourceTitle "playchess.com"]
[Source "ChessBase"]
[SourceQuality "1"]

{[%evp 12,68,23,10,37,31,46,35,31,33,51,33,40,39,26,27,82,57,56,4,18,18,10,13,35,18,26,-20,-11,-38,-20,-142,-49,-55,-54,-106,-39,-53,0,0,0,0,33,0,0,-13,0,-5,0,0,0,0,0,0,12,0,53,34,47]} 1. e4 c5 2. Nf3 d6 3. d4 cxd4 4. Nxd4 Nf6 5. Nc3 a6 6. h3 e6 7. g4 {[%cal Bg2g4,Bg4g5][%mdl 32]} Be7 {B81: Sicilian Scheveningen: Keres Attack} 8. g5 Nfd7 9. h4 b5 10. a3 Bb7 11. Be3 Nc6 12. Qd2 O-O 13. O-O-O Nc5 {[#]} (13... Nxd4 $11 {remains equal.} 14. Bxd4 Bc6) 14. f3 $146 ({Predecessor:} 14. Nxc6 Bxc6 15. f3 {0-1 (32) Oparin,G (2604)-Gelfand,B (2724) Zuerich 2017}) 14... Rb8 15. Nxc6 (15. Kb1 $14) 15... Bxc6 $11 16. h5 {[%cal Bh4h5,Bh5h6][%mdl 32]} a5 $1 17. b4 axb4 18. axb4 Nd7 19. h6 {[#] Threatens to win with Nd5!} g6 $1 20. f4 Qc7 $1 21. Nd5 (21. Rh2 $11) 21... Bxd5 (21... exd5 $17 22. exd5 Ba8) 22. exd5 $15 e5 $1 23. Kb1 (23. fxe5 $15 Nxe5 24. Qd4) 23... Rfe8 (23... Nb6 $17 24. fxe5 (24. Bxb5 $2 Nc4 $19) 24... Na4) 24. Be2 Bd8 (24... Rec8 $15) 25. fxe5 $11 Nxe5 26. Rhf1 {[%cal Bh1f1,Bf1f2,Bf2e2][%mdl 32]} Qd7 27. Qc3 Be7 28. Bc1 Rec8 29. Qd4 Qc7 30. Bd3 Ra8 31. Rf2 Qb7 32. Rdf1 Bf8 33. Bb2 Rc7 (33... Qa6 $11) 34. Re2 $14 Re7 {Accuracy: White = 55%, Black = 46%.} ({Avoid the trap} 34... Qa6 $2 35. Rxe5 Qa7 36. Re3 $18) 1/2-1/2

[Event "Marmaris PHYSKOS GM 2018"]
[Site "Icmeler"]
[Date "2018.11.16"]
[Round "1.2"]
[White "Tutisani, Noe"]
[Black "Rasulov, Vugar"]
[Result "1/2-1/2"]
[WhiteElo "2452"]
[BlackElo "2538"]
[Annotator "TA"]
[PlyCount "89"]
[EventDate "2018.11.16"]
[EventType "schev"]
[EventCountry "TUR"]
[SourceTitle "playchess.com"]
[Source "ChessBase"]
[SourceQuality "1"]

{[%evp 28,89,7,15,22,14,22,31,43,32,36,31,42,47,62,27,48,0,0,0,5,0,0,-6,5,7,37,37,37,37,64,8,8,8,15,16,97,0,0,0,0,0,0,0,0,0,0,0,0,0,0,0,0,0,0,0,0,0,0,0,0,0,6,0]} 1. e4 c5 2. Nf3 g6 3. d4 cxd4 4. Nxd4 Nc6 5. c4 Nf6 6. Nc3 d6 7. Be2 Nxd4 8. Qxd4 Bg7 9. Be3 O-O 10. Qd2 a5 {[%cal Ba7a5,Ba5a4][%mdl 32] B36: Sicilian: Maroczy Bind: Gurgenidze System} 11. f3 (11. O-O a4 12. Bd4 Be6 13. f4 Qa5 14. Rad1 Rac8 15. b3 axb3 16. axb3 b5 17. Bxf6 Bxf6 18. Nxb5 Qxd2 19. Rxd2 Ra8 20. Nc7 Ra3 21. Nxe6 fxe6 {1-0 (58) Yu,Y (2759)-Bu,X (2718) Hangzhou 2018}) 11... a4 12. O-O Qa5 13. Rab1 Be6 14. Rfc1 Rfc8 15. b3 {LiveBook: 12 Games} axb3 16. axb3 Nd7 17. b4 Qa3 18. Nd5 Bxd5 19. exd5 Qa2 $146 20. Qd1 Rc7 21. Kf1 b6 22. Bd4 Bxd4 23. Qxd4 Qa7 24. Qe3 Nf6 25. g4 {[%cal Bg2g4,Bg4g5][%mdl 32]} b5 26. Qxa7 Rcxa7 (26... Raxa7 {keeps more tension.} 27. g5 Nd7 28. cxb5 Rxc1+ 29. Rxc1 Kg7) 27. g5 Nh5 28. c5 Rb8 29. Ra1 (29. c6 $14) 29... Rxa1 $11 30. Rxa1 {[%mdl 4096] Endgame KRB-KRN} Nf4 31. Rd1 Kf8 (31... dxc5 $11 {remains equal.} 32. bxc5 b4) 32. Rd4 ({White should play} 32. c6 $16 Nxe2 33. Kxe2) 32... Nxe2 {The position is equal.} 33. Kxe2 dxc5 $1 34. bxc5 {KR-KR} b4 35. Kd2 b3 {[#] White must now prevent ...b2.} 36. Kc1 Ke8 37. Kb2 Rb5 38. c6 Kd8 39. h4 Kc7 40. Rf4 (40. Rd3 {looks sharper.} Kd6 41. f4 Kc7 42. Rd4 Kd6 43. Rc4) 40... Rxd5 {Hoping for ...Rf5.} 41. Rxf7 {[%mdl 64] [#] Double Attack} Kxc6 42. Rxh7 Kd7 43. Rh6 Rd4 44. Kxb3 Ke8 45. Rxg6 {Accuracy: White = 48%, Black = 68%.} 1/2-1/2

[Event "Marmaris PHYSKOS GM 2018"]
[Site "Icmeler"]
[Date "2018.11.16"]
[Round "1.3"]
[White "Ozen, Deniz"]
[Black "Quparadze, Giga"]
[Result "1/2-1/2"]
[WhiteElo "2411"]
[BlackElo "2509"]
[Annotator "TA"]
[PlyCount "105"]
[EventDate "2018.11.16"]
[EventType "schev"]
[EventCountry "TUR"]
[SourceTitle "playchess.com"]
[Source "ChessBase"]
[SourceQuality "1"]

{[%evp 15,105,25,27,-2,8,-9,-8,-2,4,0,0,-6,0,-21,4,-10,-4,-6,-6,-10,0,-7,0,0,8,16,20,10,10,7,22,0,0,0,11,-16,0,0,17,0,-4,-9,-6,-6,0,0,0,0,55,55,56,58,72,58,41,0,0,0,0,0,0,0,0,0,0,0,0,0,0,0,0,0,0,0,0,0,0,0,0,0,0,0,0,0,0,0,0,0,0,0,0,0]} 1. e4 c5 2. Nf3 Nc6 3. Bb5 e6 4. O-O Nge7 5. d4 cxd4 6. Nxd4 Qb6 7. Nxc6 {B30: Sicilian: 2...Nc6 3 Bb5, lines without ...g6} bxc6 8. Bd3 Ng6 {LiveBook: 33 Games} 9. Nd2 {White has an edge.} (9. c4 Bc5 10. Nc3 Qc7 11. Kh1 e5 12. Na4 Bd4 13. c5 d6 14. Be3 dxc5 15. Nxc5 Bxb2 {0-1 (56) Adams,M (2712)-Adhiban,B (2668) Douglas 2018}) 9... Qc7 10. Nf3 $146 ({Predecessor:} 10. f4 Nxf4 11. Qf3 e5 12. Nc4 g5 13. Ne3 h5 14. Bc4 Bb7 {1-0 (28) Ostos,J (2310)-Jimenez Fraga,P (2473) Havana 2011}) 10... Be7 {[%cal Bf8e7,Be7f6,Bf6c3][%mdl 32]} 11. Re1 $1 Bf6 12. Qe2 d6 13. Rb1 O-O 14. b3 Rb8 15. a4 Bc3 16. Rd1 Rd8 17. h3 d5 18. Bd2 Bxd2 19. Rxd2 f6 20. exd5 cxd5 21. Bxg6 hxg6 22. c4 dxc4 23. Rxd8+ Qxd8 24. Qxc4 Qd6 25. b4 {[%cal Bb3b4,Bb4b5,Bb5b6][%mdl 32]} Bb7 26. Qd4 Bd5 27. Qxa7 Ra8 28. Qe3 {next a5 is good for White.} Rxa4 29. b5 Ra3 30. Qd4 e5 31. Qg4 g5 (31... Qc5 $11) 32. b6 $14 Bb7 $1 33. Qc4+ Kf8 $1 34. Qc7 Qe7 $1 35. Rc1 Rd3 $1 {The position is equal.} 36. Qc4 Rd6 37. Rb1 Qd7 38. Qc7 Ke7 39. Qb8 Kf7 40. Rc1 Rc6 ({But not} 40... Rxb6 $2 41. Rc7 $18) 41. Rxc6 Qxc6 42. Qd8 Qc1+ 43. Kh2 {[#] Strongly threatening Qd7+.} Qc5 44. Qd7+ Qe7 45. Qf5 {Nxg5+ is the strong threat.} Ke8 46. Kg1 Qd7 47. Qg6+ Kf8 {[#] aiming for ...e4.} 48. Qb1 Qd6 49. Ne1 Qd5 50. Qb4+ Kf7 51. Qc3 Ke7 52. Kh2 Qd6 53. Qe3 {Accuracy: White = 76%, Black = 65%.} 1/2-1/2

[Event "Marmaris PHYSKOS GM 2018"]
[Site "Icmeler"]
[Date "2018.11.16"]
[Round "1.4"]
[White "Yurtseven, Melih"]
[Black "Odeev, Handszar"]
[Result "0-1"]
[WhiteElo "2397"]
[BlackElo "2406"]
[Annotator "TA"]
[PlyCount "68"]
[EventDate "2018.11.16"]
[EventType "schev"]
[EventCountry "TUR"]
[SourceTitle "playchess.com"]
[Source "ChessBase"]
[SourceQuality "1"]

{[%evp 15,68,10,6,-7,-8,-52,0,0,16,-60,-78,-97,-110,-114,-101,-91,-72,-82,-91,-80,-80,-72,-54,-53,-48,-56,-53,-38,0,-63,-31,-114,-89,-94,-86,-87,-97,-287,-255,-704,-702,-687,-659,-729,-695,-697,-665,-612,-475,-533,-533,-843,-794,-29991,-5139]} 1. Nf3 Nf6 2. c4 g6 3. Nc3 c5 4. b3 Bg7 5. Bb2 O-O 6. g3 b6 7. Bg2 Bb7 8. O-O d5 9. cxd5 {A30: Symmetrical English: Double Fianchetto and Hedgehog} (9. Nxd5 Nxd5 10. Bxg7 Kxg7 11. cxd5 Qxd5 12. d4 Na6 13. dxc5 Nxc5 14. Qxd5 Bxd5 15. Rfd1 Rfd8 16. Rac1 Kf6 17. h4 Rac8 18. b4 Bxf3 19. Rxd8 Rxd8 20. Bxf3 Ne6 21. Rc3 Nd4 22. Rc7 Nb5 23. Rb7 Rd4 24. a4 Nd6 {½-½ (24) Howell,D (2698)-Van Kampen,R (2646) Germany 2018}) 9... Nxd5 10. Qc1 Nc7 (10... e5 $15) 11. Rd1 $146 {The position is equal.} ({Predecessor:} 11. d3 Nc6 12. Ne4 e5 13. Rd1 Qe7 14. Qg5 f6 15. Qh4 Rad8 16. Nc3 Rfe8 17. Rac1 {½-½ (97) Lematschko,T (2275)-Wueest,A (2225) Switzerland 1998}) 11... e5 12. Na4 (12. d4 $1 $11) 12... Qe7 $15 13. a3 Nc6 14. b4 {[%cal Rb4c5]} cxb4 (14... Ne6 {keeps more tension.} 15. bxc5 b5 16. Nc3 Nxc5 17. Nd5 Qd6) 15. Nxe5 Bxe5 ({Much worse is} 15... Nxe5 $6 16. Bxb7 Rad8 17. d4 $11) 16. Bxc6 Bxb2 17. Nxb2 Bxc6 18. Qxc6 Ne6 {[#] ...Nd4 is the strong threat.} 19. Qe4 $1 bxa3 20. Nc4 Rac8 {[%cal Ba8c8,Bc8c3,Bc3f3][%mdl 32]} 21. Nxa3 f5 22. Qg2 (22. Qd5 $11) 22... f4 23. d4 (23. Nb5 $15 a5 24. Nc3) 23... f3 $36 {[%mdl 2048] Black has strong initiative.} 24. exf3 {[#]} Rc3 $1 {[%cal Rc3a3]} 25. Nb5 {[%mdl 64] Double Attack} Rcxf3 {And now ...Ng5 would win.} 26. Ra2 $2 (26. d5 $17 Ng5 27. d6) 26... Qd7 $19 27. d5 $2 (27. Qh3 Qf7 28. Nd6 (28. Rxa7 $2 Ng5 $19)) 27... Ng5 ({Stronger than} 27... Qxb5 28. dxe6 Qb3 29. Raa1 $11) 28. Nd4 Nh3+ 29. Qxh3 Qxh3 30. Nxf3 Rxf3 31. Rxa7 Rf7 32. Ra8+ Kg7 33. Rb8 Qf5 34. Rd2 Qe5 {Accuracy: White = 28%, Black = 48%.} (34... Qb1+ $142 35. Kg2 Qe4+ 36. Kg1 Qe1+ {[%mdl 64] Double Attack} 37. Kg2 Qxd2 38. Rb7 Qxf2+ 39. Kh3 Rxb7 40. d6 Qf3 41. d7 Rxd7 42. Kh4 Qh5#) 0-1

[Event "Marmaris PHYSKOS GM 2018"]
[Site "Icmeler"]
[Date "2018.11.16"]
[Round "1.5"]
[White "Ozer, Omer Faruk"]
[Black "Simantsev, Mikhail"]
[Result "0-1"]
[WhiteElo "2373"]
[BlackElo "2403"]
[Annotator "TA"]
[PlyCount "50"]
[EventDate "2018.11.16"]
[EventType "schev"]
[EventCountry "TUR"]
[SourceTitle "playchess.com"]
[Source "ChessBase"]
[SourceQuality "1"]

{[%evp 9,50,-17,6,8,16,12,12,12,17,0,18,-13,6,3,7,0,10,9,34,-145,-151,-139,-136,-143,-133,-147,-141,-131,-149,-117,-86,-129,-112,-169,-170,-183,-172,-269,-274,-281,-277,-29996,-29997]} 1. g3 Nf6 2. Bg2 e5 3. e4 Bc5 (3... Nc6 4. Nc3 Bc5 5. d3 a6 6. Nf3 d6 7. h3 h6 8. Qe2 Be6 9. Be3 Qd7 10. Nd5 Bxe3 11. Nxf6+ gxf6 12. Qxe3 f5 13. exf5 Bxf5 14. g4 Bg6 {1-0 (38) Antipov,M (2598)-Abdusattorov,N (2516) Moscow 2018}) 4. Ne2 Nc6 5. O-O d6 6. c3 {C20: 1 e4 e5: Unusual White second moves} a6 7. d4 Ba7 8. h3 {The position is equal.} O-O 9. a4 $146 ({Predecessor:} 9. Be3 Ne8 10. Kh2 f5 11. f4 fxe4 12. Bxe4 {0-1 (18) Kitov,V (1857)-Izmailov,A (1960) Novokuznetsk 2011}) 9... h6 10. a5 Re8 $36 {[%mdl 2048] Black fights for an advantage.} 11. d5 Ne7 12. c4 Nh7 {[%cal Bf6h7,Bh7g5,Bg5h3][%mdl 32]} 13. Nbc3 Ng5 14. h4 $2 (14. Kh2 $1 $14 {keeps the upper hand.}) 14... Nh3+ $17 15. Bxh3 Bxh3 16. Re1 f5 17. Qd3 Rf8 {[%cal Be8f8,Bf8f7,Bf7f2][%mdl 32] [#] Strongly threatening ...Bxf2+!} 18. Be3 Bxe3 19. Qxe3 Qd7 20. Kh2 Rf7 21. f4 (21. f3 $17) 21... fxe4 22. Nxe4 Raf8 23. fxe5 (23. Nf2 {is the only way for White.} Bg4 24. Qe4) 23... dxe5 $19 24. Ng1 Bf1 25. Qc3 $2 {[#]} (25. Rxf1 $19 Rxf1 26. Rxf1 Rxf1 27. Nd2) 25... Rf2+ $1 {[%mdl 512] Accuracy: White = 24%, Black = 38%.} 0-1

[Event "Marmaris PHYSKOS GM 2018"]
[Site "Icmeler"]
[Date "2018.11.16"]
[Round "2.1"]
[White "Rasulov, Vugar"]
[Black "Annaberdiev, Meilis"]
[Result "1-0"]
[WhiteElo "2538"]
[BlackElo "2509"]
[Annotator "TA"]
[PlyCount "139"]
[EventDate "2018.11.16"]
[EventType "schev"]
[EventCountry "TUR"]
[SourceTitle "playchess.com"]
[Source "ChessBase"]
[SourceQuality "1"]

{[%evp 27,139,9,10,-26,-10,-14,-11,-27,-25,-145,-137,-145,-91,-109,-101,-102,-111,-110,-104,-109,-121,-137,-136,-156,-158,-152,-145,-156,-159,-140,-144,-129,-23,-23,-14,-25,-25,-25,-25,-25,-25,-25,-25,-25,-27,-27,-27,-29,-26,-37,0,0,0,0,0,-46,-46,-46,-46,-46,64,54,57,57,57,62,93,101,203,196,185,196,433,432,416,404,439,240,439,436,439,0,240,0,438,0,240,0,394,0,235,0,428,429,432,429,429,432,412,389,390,294,400,398,437,427,485,484,593,595,600,583,573,566]} 1. d4 Nf6 2. c4 g6 3. Nc3 Bg7 4. Nf3 O-O 5. g3 d6 6. Bg2 Nbd7 7. O-O e5 8. Qc2 exd4 9. Nxd4 Nb6 10. Rd1 Nxc4 11. Ncb5 a6 12. Qxc4 axb5 13. Nxb5 Ne8 {E67: King's Indian: Fianchetto: 6...Nbd7} 14. Nc3 (14. Qb4 Be6 15. Be3 Qe7 16. Nc3 Nf6 17. Qh4 Ra5 18. Bg5 h6 19. Bxh6 Rh5 20. Bxg7 Rxh4 21. Bxf8 Kxf8 22. gxh4 {0-1 (44) Zhou,W (2606)-Yu,Y (2750) China 2017}) 14... c6 {LiveBook: 4 Games} 15. e4 Bg4 {Black has an edge.} 16. f3 Be6 {[%cal Bg4e6,Be6a2,Ba2b3][%mdl 32]} 17. Qb4 b5 18. Ne2 $146 (18. Be3 $11) ({Predecessor:} 18. Be3 Qb8 19. e5 dxe5 20. f4 exf4 21. gxf4 {½-½ (42) Southam,T (2335)-Golubev,M (2500) Biel 1993}) 18... Qb6+ $17 ({Don't do} 18... Rxa2 19. Rxa2 Bxa2 20. Be3 $15) 19. Kh1 Ra4 $36 {[%mdl 2048] White is under strong pressure.} ({Black should try} 19... c5 20. Be3 cxb4 21. Bxb6 Bxb2) 20. Qe1 Rxa2 21. Rxa2 Bxa2 22. Bg5 Bb3 ({Not} 22... Bxb2 $2 23. Qd2 $18) 23. Rc1 Bc4 24. Qd2 {White wants to play Be7.} Nc7 {[%cal Be8c7,Bc7b5,Bb5d4][%mdl 32]} 25. Be3 c5 26. Nc3 {[%cal Be2c3,Bc3d1,Bd1f2,Bf2d3][%mdl 32]} b4 27. Nd1 Bb3 28. Nf2 Nb5 29. Qxb4 cxb4 (29... Be6 $17 30. Nd3 Rb8) 30. Bxb6 $11 Rb8 31. Be3 Be6 ({Of course not} 31... Bxb2 $6 32. Rb1 $16) 32. Nd3 b3 33. f4 Nd4 34. e5 dxe5 35. Nxe5 Nc2 36. Bd2 Rc8 37. Bf3 Rc5 38. Kg1 Rxe5 39. fxe5 Bxe5 40. Rb1 Bf5 41. g4 Nd4 {[%mdl 1024] Black has compensation.} 42. Rf1 Bd3 43. Rf2 Bc2 ({Black should play} 43... Nxf3+ $15 44. Rxf3 Bd4+ 45. Re3 f5 46. gxf5 Bxe3+ 47. Bxe3 Bxf5) 44. Bd5 Ne6 45. Be3 g5 46. Rd2 Nf4 47. Bc4 Kf8 (47... Ne6 $16 {might work better.} 48. Bd3 Bxb2) 48. Bc5+ $18 Kg7 49. Bd4 f6 $2 {[#]} (49... Ng6 {was worth a try.} 50. Kf2 f6 51. Bxe5 Nxe5) 50. Bxe5 fxe5 {[%mdl 4096] Endgame KRB-KBN} 51. Rd7+ Kf6 52. Rf7+ Kg6 53. Rb7 Kf6 54. Rf7+ (54. Bxb3 $142 Bg6 55. Rb6+ Ke7 56. Kf2) 54... Kg6 55. Rb7 $2 {[#]} (55. Rc7) 55... Kf6 $1 56. Rf7+ (56. Bxb3 $142 Bxb3 57. Rxb3) 56... Kg6 57. Rb7 $2 (57. Rc7) 57... Kf6 $1 58. Rf7+ (58. Bxb3 $142 Bxb3 59. Rxb3) 58... Kg6 59. Rb7 $2 (59. Ra7 $18) 59... Bd1 $2 {[%mdl 8192]} (59... Kf6 $1 $11 {and Black has nothing to worry.} 60. Rb6+ Kg7 61. Bxb3 Bg6) 60. Bxb3 Bxg4 61. Bc2+ Kf6 62. Bxh7 Bf3 63. Rb6+ Ke7 64. Rb4 Nd5 65. Ra4 Nf6 66. Bf5 {White is clearly winning.} e4 67. Ra6 Nd5 68. Re6+ Kf7 69. Re5 Ne3 70. Bxe4 {Precision: White = 63%, Black = 60%.} 1-0

[Event "Marmaris PHYSKOS GM 2018"]
[Site "Icmeler"]
[Date "2018.11.16"]
[Round "2.2"]
[White "Quparadze, Giga"]
[Black "Tutisani, Noe"]
[Result "1/2-1/2"]
[WhiteElo "2509"]
[BlackElo "2452"]
[Annotator "TA"]
[PlyCount "61"]
[EventDate "2018.11.16"]
[EventType "schev"]
[EventCountry "TUR"]
[SourceTitle "playchess.com"]
[Source "ChessBase"]
[SourceQuality "1"]

{[%evp 22,61,45,32,54,22,22,24,24,24,24,24,24,24,28,26,19,14,13,13,13,13,14,13,13,13,13,13,14,21,23,13,20,23,23,20,20,20,25,6,8,6]} 1. e4 e5 2. Nf3 Nc6 3. Bb5 a6 4. Ba4 Nf6 5. O-O Nxe4 6. d4 b5 7. Bb3 d5 8. dxe5 Be6 9. Nbd2 Nc5 10. c3 Be7 11. Bc2 d4 12. Nb3 {[%cal Rf3d4] LiveBook: 155 Games. C83: Open Ruy Lopez: 9 c3 Be7} d3 13. Nxc5 dxc2 14. Qxd8+ Rxd8 15. Nxe6 fxe6 16. Be3 Rd5 17. Rfc1 Nxe5 18. Nxe5 Rxe5 19. Bd4 Rg5 20. Rxc2 {[#]} Kf7 $146 21. Be3 Re5 22. c4 b4 23. Rd1 Rd8 24. Rxd8 Bxd8 $11 {[%mdl 4096] Endgame KRB-KRB} 25. Kf1 Bg5 26. Bd4 Ra5 27. b3 Bf6 28. Be3 Bg5 29. f4 Be7 30. g3 g6 31. Ke2 {Accuracy: White = 75%, Black = 97%.} 1/2-1/2

[Event "Marmaris PHYSKOS GM 2018"]
[Site "Icmeler"]
[Date "2018.11.16"]
[Round "2.3"]
[White "Odeev, Handszar"]
[Black "Ozen, Deniz"]
[Result "1/2-1/2"]
[WhiteElo "2406"]
[BlackElo "2411"]
[Annotator "TA"]
[PlyCount "60"]
[EventDate "2018.11.16"]
[EventType "schev"]
[EventCountry "TUR"]
[SourceTitle "playchess.com"]
[Source "ChessBase"]
[SourceQuality "1"]

{[%evp 10,60,25,16,20,20,24,22,21,18,19,7,21,31,6,0,0,0,14,0,0,0,0,0,0,0,0,0,0,0,0,-21,-23,-43,-43,-52,-15,-23,-16,-15,-17,-24,0,-10,19,0,0,0,0,-4,0,0,0]} 1. e4 e6 2. d4 d5 3. Nd2 c5 4. Ngf3 cxd4 5. exd5 Qxd5 6. Bc4 Qd7 {C07: French Tarrasch: 3...c5, 4 Ngf3 and 4 exd5 Qxd5} (6... Qd6 7. O-O Nf6 8. Nb3 Nc6 9. Nbxd4 Nxd4 10. Nxd4 a6 11. Re1 Qc7 12. Bf1 Be7 13. Qf3 O-O 14. Bf4 Bd6 15. Bxd6 Qxd6 16. Rad1 Qc7 17. c4 Rb8 18. Qg3 Qxg3 19. hxg3 Bd7 {½-½ (61) Karjakin,S (2773)-Duda,J (2737) chess.com INT 2018}) 7. O-O Nc6 8. Nb3 {[%cal Rb3d4]} a6 9. Nbxd4 Nxd4 10. Nxd4 Qc7 11. Bb3 Bd6 12. Qh5 Nf6 13. Qh4 Bd7 14. Bg5 O-O-O 15. Rad1 {[%cal Ba1d1,Bd1d3,Bd3c3][%mdl 32]} h6 16. Bxf6 gxf6 17. Rd3 $146 Kb8 18. Rc3 Qa5 $1 19. Qxf6 Qg5 20. Qxg5 hxg5 21. h3 g4 $1 {...Be5 is the strong threat.} 22. Rd1 $1 gxh3 23. Rxh3 Rxh3 24. gxh3 Kc7 25. Rd3 e5 26. Ne2 {The position is equal.} f5 (26... e4 $5 {[%cal Re4d3]} 27. Rc3+ Bc6 $11) 27. Bd5 b5 28. Rc3+ Kb6 29. Rd3 Kc7 30. Rc3+ Kb6 {Accuracy: White = 59%, Black = 80%.} 1/2-1/2

[Event "Marmaris PHYSKOS GM 2018"]
[Site "Icmeler"]
[Date "2018.11.16"]
[Round "2.4"]
[White "Simantsev, Mikhail"]
[Black "Yurtseven, Melih"]
[Result "1-0"]
[WhiteElo "2403"]
[BlackElo "2397"]
[Annotator "TA"]
[PlyCount "94"]
[EventDate "2018.11.16"]
[EventType "schev"]
[EventCountry "TUR"]
[SourceTitle "playchess.com"]
[Source "ChessBase"]
[SourceQuality "1"]

{[%evp 19,94,37,32,36,57,37,38,20,15,9,16,9,28,28,20,18,19,10,15,11,11,0,0,0,22,5,10,10,10,10,8,8,8,6,4,0,0,0,0,0,0,-3,0,0,0,-6,-8,-10,0,0,15,8,98,90,90,108,207,167,152,160,146,124,143,48,133,48,48,48,48,48,266,266,266,266,266,266,266]} 1. d4 d5 2. c4 e6 3. Nf3 c5 4. cxd5 exd5 5. Bg5 Be7 6. Bxe7 Nxe7 7. dxc5 Qa5+ 8. Nc3 Nbc6 9. e3 O-O 10. Be2 Qxc5 11. O-O {D32: Tarrasch Defence: Sidelines and lines without g3} Bg4 (11... Rd8 12. Rc1 Bg4 13. h3 Bxf3 14. Bxf3 Ne5 15. Be2 N7c6 16. Qb3 d4 17. Nb5 Qb6 18. exd4 Nxd4 19. Nxd4 Rxd4 20. Qxb6 axb6 {½-½ (64) Iordachescu,V (2644)-Jianu,V (2497) Plovdiv 2012}) 12. Rc1 Qb4 13. Qa4 {White is slightly better.} Qxa4 14. Nxa4 Rfd8 $146 ({Predecessor:} 14... Rad8 15. Nc5 b6 16. Nb3 Bxf3 17. Bxf3 Rd6 18. Rfd1 Rfd8 {½-½ (33) Mikhalchishin,A (2520)-Jelen,I (2390) Ptuj 1993}) 15. Rfd1 Bxf3 16. Bxf3 d4 17. Nc5 Rab8 18. exd4 Rxd4 19. Kf1 b6 20. Nd3 Rc8 21. Rc3 Na5 22. Rdc1 Rxc3 23. Rxc3 Rc4 24. Rxc4 Nxc4 $11 {[%mdl 4096] Endgame KBN-KNN} 25. b3 Nd6 26. Ke2 g5 27. Nb4 Kg7 28. g3 Kf6 29. Kd3 Ke5 30. Bh5 a5 31. Nc2 Nd5 32. a3 f5 33. Bf3 Ne7 34. Ne3 b5 35. a4 g4 (35... f4 $1 $11 {remains equal.} 36. gxf4+ gxf4 37. Ng4+ Ke6) 36. Bg2 $16 bxa4 37. bxa4 h5 (37... Nec8 $16) 38. f4+ gxf3 39. Bxf3 h4 40. gxh4 Kf4 {[#]} 41. Bg2 ({White should try} 41. Ba8 $1 $16) 41... Ne4 $14 {[#]} 42. Nxf5 (42. Nd1 $1 $16) 42... Nf2+ 43. Ke2 Nxf5 44. Kxf2 Nd4 $2 (44... Nxh4 $14 45. Bd5 Nf5) 45. Bd5 $18 {White has a decisive advantage.} Ke5 46. h5 Nf5 47. Bg8 Kf6 {Accuracy: White = 54%, Black = 52%.} 1-0

[Event "Marmaris PHYSKOS GM 2018"]
[Site "Icmeler"]
[Date "2018.11.16"]
[Round "2.5"]
[White "Yilmaz, Mustafa"]
[Black "Ozer, Omer Faruk"]
[Result "1-0"]
[WhiteElo "2637"]
[BlackElo "2373"]
[Annotator "TA"]
[PlyCount "75"]
[EventDate "2018.11.16"]
[EventType "schev"]
[EventCountry "TUR"]
[SourceTitle "playchess.com"]
[Source "ChessBase"]
[SourceQuality "1"]

{[%evp 9,75,13,20,19,28,37,31,28,36,31,27,45,35,18,34,0,36,13,25,8,26,26,12,16,26,22,85,37,78,0,57,24,19,11,8,25,25,19,80,80,77,76,91,82,70,91,76,62,110,22,106,47,58,50,429,418,423,415,641,623,745,751,29977,29978,29978,29978,29988,29989]} 1. d4 Nf6 2. c4 e6 3. Nf3 a6 4. Nc3 d5 5. cxd5 exd5 6. Bg5 {D37: Queen's Gambit Declined: 5 Bf4} Be6 7. e3 Nbd7 8. Bd3 {White is slightly better.} h6 9. Bf4 g5 10. Bg3 Nh5 11. Be5 (11. Qb3 Nxg3 12. hxg3 {½-½ (48) Karjakin,S (2773)-Caruana,F (2822) Saint Louis 2018}) 11... Ng7 12. Bg3 Nh5 $1 13. e4 {[#]} c6 $146 ({Predecessor:} 13... Nb6) 14. O-O Nxg3 15. hxg3 Bg7 {[%cal Bf8g7,Bg7f6,Bf6g5][%mdl 32]} 16. exd5 cxd5 17. Re1 Kf8 (17... O-O $11) 18. Rc1 Bf6 19. Bc2 (19. Qc2 $16) 19... g4 (19... h5 $11) 20. Ne5 (20. Nh4 $5) 20... Nxe5 21. dxe5 Bg5 22. Rb1 h5 23. Qd4 $36 {[%mdl 2048] White has the initiative.} h4 (23... Rc8 $11 {remains equal.}) 24. gxh4 $16 Rxh4 {[#] aiming for ...g3!} 25. g3 Rh3 26. Bb3 {[%cal Rb3d5]} Kg7 27. Bxd5 (27. Nxd5 Qh8 $17) 27... Qh8 28. Qe4 {Black must now prevent Bxe6.} Rf8 29. Rbd1 (29. Bxb7 $16 {Hoping for Ne2.} Qh5 30. Ne2 (30. Bxa6 Bf5 $17)) 29... Qh5 (29... Qh6 $1 $11) 30. Kf1 ({Better is} 30. Bxb7 $16 Rh8 31. Ne2) 30... Rh2 $14 31. Ke2 $1 {[%cal Bf1e2,Be2d3,Bd3c4][%mdl 32]} f5 $2 {[%mdl 8192]} (31... b5 $14) 32. exf6+ $1 $18 Rxf6 33. Bxe6 {Rd7+ is the strong threat.} Rhxf2+ (33... Rfxf2+ $142 34. Kd3 Qg6) 34. Kd3 R6f3+ 35. Kc4 Rf4 36. gxf4 {White mates.} Rxf4 37. Rd7+ {[%mdl 64] Double Attack} Kh8 {[#]} 38. Rd8+ $1 {Accuracy: White = 54%, Black = 36%.} 1-0